Itinerario descriptivo de las provincias de España y de sus islas y posesiones en el Mediterráneo (Record no. 156767)

MARC details
000 -LEADER
campo de control de longitud fija 01623nam a22002895i 4500
001 - NÚMERO DE CONTROL
campo de control 156767
003 - IDENTIFICADOR DE NÚMERO DE CONTROL
campo de control ES-MaACL
005 - FECHA Y HORA DE LA ÚLTIMA TRANSACCIÓN
campo de control 20251014063226.0
008 - DATOS DE LONGITUD FIJA--INFORMACIÓN GENERAL
campo de control de longitud fija 970605s1816 sp abf |||| | spa d
040 ## - FUENTE DE CATALOGACIÓN
Centro catalogador/agencia de origen CARM
Lengua de catalogación spa
Centro/agencia transcriptor CCPB | SIC
100 1# - ENTRADA PRINCIPAL--NOMBRE DE PERSONA
Nombre de persona Laborde, Alexandre de,
Fechas asociadas al nombre 1774-1842
9 (RLIN) 69247
245 10 - MENCIÓN DEL TÍTULO
Título Itinerario descriptivo de las provincias de España y de sus islas y posesiones en el Mediterráneo
Resto del título : con una sucinta idea de su situación geográfica, población, historia civil y natural ... /
Mención de responsabilidad, etc. traduccion libre del que publicó en francés Mr Alexandro Laborde en 1809 [por Mariano de Cabrerizo y Bascuas] acompaña un atlas de 29 mapas.
260 ## - PUBLICACIÓN, DISTRIBUCIÓN, ETC.
Lugar de publicación, distribución, etc. Valencia :
Nombre del editor, distribuidor, etc. Librería de Cabrerizo,
Fecha de publicación, distribución, etc. 1816 (
Fabricante en la Imprenta de Ildefonso Mompié)
300 ## - DESCRIPCIÓN FÍSICA
Extensión XVI, 481, [16], 14, [4] p., 20 planos ;
Dimensiones 22 cm.
594 ## - Nota al título y mención de responsabilidad
Nota al título y mención de responsabilidad En el prólogo consta que el trad. es Mariano Cabrerizo.
594 ## - Nota al título y mención de responsabilidad
Nota al título y mención de responsabilidad Tít. en portadilla: Itinerario descriptivo de España.
594 ## - Nota al título y mención de responsabilidad
Nota al título y mención de responsabilidad El atlas tiene como tit.: Atlas del itinerario descriptivo de España.
597 ## - NOTA DE DESCRIPCIÓN FÍSICA
NOTA DE DESCRIPCIÓN FÍSICA La mayoría de los mapas tienen hoja doble.
651 #4 - PUNTO DE ACCESO ADICIONAL DE MATERIA--NOMBRE GEOGRÁFICO
Nombre geográfico España-
Subdivisión general Descripción.
9 (RLIN) 8184
700 1# - ENTRADA AGREGADA--NOMBRE PERSONAL
Nombre de persona Cabrerizo, Mariano,
Fechas asociadas al nombre 1785-1868
9 (RLIN) 126277
740 0# - ENTRADA AGREGADA--TÍTULO RELACIONADO/ANALÍTICO NO CONTROLADO
Título relacionado o analítico no controlado Itinerario descriptivo de España.
740 0# - ENTRADA AGREGADA--TÍTULO RELACIONADO/ANALÍTICO NO CONTROLADO
Título relacionado o analítico no controlado Atlas del itinerario descriptivo de España.
852 ## - LOCALIZACIÓN
Ubicación ES-MaACL
Número de control de estantería R-1729
Nota libre -- Enc. piel con hierros
condición física -- Contiene texto y atlas
Encuadernación Olim: F-823
856 ## - LOCALIZACIÓN Y ACCESO ELECTRÓNICOS
Identificador Uniforme de Recursos <a href="http://bibliotecadigitalhispanica.bne.es:80/webclient/DeliveryManager?pid=2737532&custom_att_2=simple_viewer">http://bibliotecadigitalhispanica.bne.es:80/webclient/DeliveryManager?pid=2737532&custom_att_2=simple_viewer</a>
Nota pública Ir a la página
Holdings
Estatus retirado Estado de pérdida Estado de daño No para préstamo Colección Biblioteca de origen Biblioteca actual Ubicación en estantería Fecha de adquisición Fuente de adquisición Total de préstamos Signatura topográfica completa Código de barras Visto por última vez Precio de reemplazo Tipo de ítem Koha
        Colección digital Biblioteca del Ateneo de Madrid Biblioteca del Ateneo de Madrid Depósito 17/01/2008     R-1729 1164013 23/02/2023 23/02/2023 Libro impreso antiguo